000 00389nam a2200157Ia 4500
005 20250620023810.0
008 240331s9999 xx 000 0 und d
020 _a9559111000
082 _bPUN
_a323
100 _aPunchihewa, S.G
245 0 _aMinis ayithivasikam
260 _aDehiwala
_bSarana Printing & Publications
_c1990
300 _a72 p .,
650 _aHuman Rights
942 _cL
999 _c2497
_d2497